000 00375nam a2200145Ia 4500
008 230711s9999||||xx |||||||||||||| ||und||
041 _aENG
082 _a4
_bHA-A
100 _aHandel,Rainer
245 0 _aATM networks concepts protocols and applications
250 _a1st . Ed.
260 _c1999
_aNew Delhi
_bAddison Wesley
650 _aComputer Engineering
942 _cBK
999 _c3703
_d3703